| 000 | 00452nam a2200157 4500 | ||
|---|---|---|---|
| 001 | 139268 | ||
| 003 | ES-MaACL | ||
| 005 | 20230906195737.0 | ||
| 007 | t| | ||
| 008 | 070214s1963 ua r ||||1| eng d | ||
| 245 | 0 | 0 | _aScientific progress in the United Arab Republic. |
| 260 |
_aCairo : _bInformation Department, _c1963. |
||
| 300 |
_a35 p. ; _c20 cm. |
||
| 710 | 2 |
_aEgipto. _bInformation Department. _93451 |
|
| 852 |
_aES-MaACL _j2035-F-14 _bR.53121 |
||
| 999 |
_c139268 _d139268 |
||